00961cam a2200253 i 45000010009000000050017000090080041000260100017000670200025000840400028001090420008001370500021001452450051001662460043002172500156002602600044004163000060004604900032005205000028005525040051005806500016006316500016006477000044006631796854920230912135910.0131211s2013 enka b 001 0 eng  a 2013444249 a9780199698400 (pbk.) aDLCbengcDLCerdadDLC apcc00aRG 524 .O94 201300aOxford handbook of obstetrics and gynaecology.30aHandbook of obstetrics and gynaecology aThird edition /bedited by Sally Collins, specialist registrar in obstetrics and gynecology, the John Radcliffe Hospital, Oxford, UK [and four others]. aOxford:bOxford University Press,c2013 axxiv, 824 pages :billustrations (some color) ;c19 cm.0 aOxford medical publications aPrevious edition: 2008. aIncludes bibliographical references and index. 0aGynecology. 0aObstetrics.1 aCollins, Sallyc(Obstetrics specialist)